Computer education for B.Ed Course (Record no. 5625)

MARC details
000 -LEADER
fixed length control field 00439nam a2200145Ia 4500
003 - CONTROL NUMBER IDENTIFIER
control field SGT
082 ## - DEWEY DECIMAL CLASSIFICATION NUMBER
Classification number 4
Item number SHA
100 ## - MAIN ENTRY--PERSONAL NAME
Personal name Sharma,Lalit
245 ## - TITLE STATEMENT
Title Computer education for B.Ed Course
260 ## - PUBLICATION, DISTRIBUTION, ETC. (IMPRINT)
Name of publisher, distributor, etc Wintech Publication
Place of publication, distribution, etc Ferozepr Cantt
Year of Publication 2008
300 ## - PAGE DESCRIPTION
No. of Pages 188p.
650 ## - SUBJECT ADDED ENTRY--TOPICAL TERM
Topical term or geographic name as entry element COMPUTER SCIENCE
653 ## - KEYWORDS--INDEX TERM
Keyword term INTRODUCTION TO THE COMPUTER,INPUT /OUTPUT DEVICES AND MEMORY,COMPUTER SOFTWARE ,COMPUTER NETWORK,LESSON LIANNING
942 ## - ADDED ENTRY ELEMENTS (KOHA)
Source of classification or shelving scheme Dewey Decimal Classification
Koha item type Books
Holdings
Withdrawn status Lost status Source of classification or shelving scheme Damaged status Use restrictions Not for loan Collection code Home library Current library Shelving location Date acquired SGTU Full call number Accession No. (Barcode) Date last seen Bill Date Koha item type
    Dewey Decimal Classification   Restricted Access Not For Loan ENGINEERING SGT Engineering Library SGT Engineering Library Reference Book 17/09/2014 SGTU 4 SHA FE6178 09/02/2015 09/02/2015 Books